000 00434nam a22001577a 4500
020 _a0879330821
082 _a301.31 DAE
100 _aDAETZ, Douglas
245 _aEnvironmental Modeling: Analysis and Management
260 _aPennyslvania
_bDowden, hutchinson & Ross
_c1927
300 _axv, 407p.
_bill.; 26cm.
500 _aInclude Bibliography and Index
650 _aEnvironmental
700 _aPANTELL, R. H.
942 _cBK
999 _c12759
_d12759